000 00370nam a2200133Ia 4500
008 220530s9999 xx 000 0 und d
041 _aeng
082 _a820
_bSHI
100 _aShivtatvanand Swami
_956924
245 _aSwami Vivekanand Granthavali Vol-10 (Marathi )
260 _aNagpur
_bRamkrushn Math Publication
_c2012
300 _a423 P
_bPB
906 _a12.6
_bGB
999 _c51551
_d51551